Normal view
MARC view
Entry Personal Name
001 - CONTROL NUMBER
- control field: 47870
003 - CONTROL NUMBER IDENTIFIER
- control field: ARRUPE
005 - DATE AND TIME OF LATEST TRANSACTION
- control field: 20190820110407.0
008 - FIXED-LENGTH DATA ELEMENTS
- fixed length control field: 190820|| aca||aabn | a|a d
040 ## - CATALOGING SOURCE
- Original cataloging agency: ARRUPE
- Transcribing agency: ARRUPE
100 ## - HEADING--PERSONAL NAME
- Personal name: Mwaanga, Vernon J.
- Fuller form of name: (Vernon Johnson),
- Dates associated with a name: 1944-
670 ## - SOURCE DATA FOUND
- Source citation: Work cat.: (ARRUPE)0: Mwaanga, Vernon J. (Vernon Johnson), 1944-, The long sunset :, 2008.